000 00589nam a22001697a 4500
999 _c62146
_d62146
005 20240723143708.0
008 240723s2016 ge ||||| |||| 00| 0 ger d
020 _a9783823380160 X
080 _a81'1 T-44
100 _aTheisen, Joachim
_922908
245 _aKontrastive Linguistik :
_bEine Einführung /
_cJoachim Theisen.
264 _aTübingen:
_b Narr Francke Attempto Verlag,
_c2016.
300 _a 263 p.:
_b24 cm.
653 _aLinguistik. Kontrastive Linguistik.
653 _aკონტრასტული ლინგვისტიკა
942 _2udc
_cᲬᲘᲒᲜᲘ